[Event "4Springare Autumn-IM 2019"]
[Site "Stockholm"]
[Date "2019.10.24"]
[Round "8.5"]
[White "Peng, Li Min"]
[Black "Krzywda, Andrzej"]
[Result "1/2-1/2"]
[WhiteElo "2454"]
[BlackElo "2175"]
[Annotator "TA"]
[PlyCount "37"]
[EventDate "2019.10.19"]
[EventType "tourn"]
[EventRounds "9"]
[EventCountry "SWE"]
[SourceTitle "playchess.com"]
[Source "ChessBase"]
[SourceQuality "1"]

{[%evp 13,37,16,4,11,20,6,19,19,19,8,14,3,10,0,64,3,16,2,14,0,0,0,0,-18,6,0]} 1. c4 Nf6 2. Nf3 e6 3. g3 d5 4. Bg2 dxc4 5. Qa4+ Nbd7 6. Qxc4 a6 7. Qb3 Rb8 8. d3 {A13: English Opening: 1...e6} (8. d4 b5 9. Ne5 Nxe5 10. dxe5 Nd7 11. O-O Nxe5 12. Rd1 Bd6 13. Bf4 Qe7 14. Bxe5 Bxe5 15. Bc6+ Kf8 {½-½ (72) Ding,L (2805)-Karjakin,S (2750) Saint Louis 2019}) 8... b5 9. Nc3 Bb7 10. O-O Be7 11. a4 O-O 12. axb5 axb5 13. Bd2 $146 ({Predecessor:} 13. Bf4 b4 14. Na4 Ra8 15. Rfc1 c5 {0-1 (46) Erdelyi,T (2095)-Holm,K (2353) Kecskemet 2015}) 13... Nd5 (13... c6 $11) 14. Rfc1 ({White should try} 14. Nxb5 $14 Bc6 15. Ra5) 14... c5 $11 {The position is equal.} 15. Ne4 N5f6 16. Nc3 Nd5 17. Ne4 N5f6 18. Nc3 Nd5 19. Ne4 {Accuracy: White = 30%, Black = 47%.} 1/2-1/2

[Event "4Springare Autumn-IM 2019"]
[Site "Stockholm"]
[Date "2019.10.24"]
[Round "9.1"]
[White "Krzywda, Andrzej"]
[Black "Vainerchuk, Barys"]
[Result "1-0"]
[WhiteElo "2175"]
[BlackElo "2136"]
[Annotator "TA"]
[PlyCount "71"]
[EventDate "2019.10.19"]
[EventType "tourn"]
[EventRounds "9"]
[EventCountry "SWE"]
[SourceTitle "playchess.com"]
[Source "ChessBase"]
[SourceQuality "1"]

{[%evp 9,71,39,67,48,55,54,44,39,40,34,58,54,54,37,35,14,31,38,62,52,57,20,66,-9,58,-16,-2,0,-2,-8,-8,-13,0,-23,-23,-29,-32,-40,0,0,0,-44,8,2,58,38,34,40,316,282,505,498,929,736,3036,2827,29996,29997,29997,29997,29997,29998,29998,29996]} 1. d4 Nf6 2. c4 b6 3. Nc3 Bb7 4. d5 e5 (4... e6 5. a3 exd5 6. cxd5 Bd6 7. Nf3 O-O 8. g3 Na6 9. Bg2 Nc5 10. b4 Nce4 11. Nxe4 Nxe4 12. Bb2 Qe7 13. O-O f5 14. Qd3 a5 {½-½ (14) Zhigalko,S (2620)-Kovalev,V (2639) Orsha 2018}) 5. Nf3 d6 6. g3 {A50: Queen's Fianchetto Defence (1 d4 Nf6 2 c4 b6)} g6 7. Bg2 Bg7 8. O-O {White is slightly better.} O-O 9. a3 a5 10. Rb1 $146 ({Predecessor:} 10. Bd2 Nbd7 11. b4 Ba6 12. Qb3 {1-0 (45) Ernst,M (2156)-Kuntner,R (2043) Vienna 2014}) 10... Ba6 11. Nd2 Ne8 12. b4 axb4 13. axb4 Nd7 14. Bb2 f5 15. Qc2 Nef6 16. Nb5 (16. e4 $14) 16... Rf7 ({Better is} 16... Bxb5 $11 17. cxb5 e4) 17. Ra1 (17. e4 $1 $14) 17... Bxb5 $1 $11 18. cxb5 e4 19. Qc6 Rc8 20. Rfc1 Nxd5 21. Bxg7 {Black must now prevent Bb2.} Ne7 $1 {[%cal Re7c6]} 22. Qb7 Kxg7 23. Nb3 Ne5 24. Nd4 $36 {[%mdl 2048] Black is under pressure.} Qd7 25. Ra7 Kf6 (25... Ng8 $15) 26. f3 d5 (26... exf3 $11 27. exf3 g5) 27. Qa6 $1 $14 Qd6 28. Qa1 {Hoping for f4.} exf3 $2 {[%mdl 8192]} (28... g5 $14) 29. exf3 $18 {Strongly threatening f4.} ({Weaker is} 29. Nxf3 g5 $14) 29... Nc4 $2 (29... g5 30. Re1 f4) 30. f4 {Nxf5+! is the strong threat.} ({Not} 30. Nc6+ Kg5 $14) 30... Qxb4 (30... g5 $142 31. Re1 g4) 31. Ra2 {aiming for Nc6+.} Qd6 {[#]} 32. Nxf5+ $1 {[%mdl 512]} Kxf5 33. Bh3+ {[%mdl 64] Skewer. White mates.} Ke4 34. Re1+ Ne3 {[#]} 35. Rxe3+ $1 {[%mdl 512]} Kxe3 36. Qc1+ {Accuracy: White = 54%, Black = 27%.} 1-0

[Event "4Springare Autumn-IM 2019"]
[Site "Stockholm"]
[Date "2019.10.24"]
[Round "9.2"]
[White "Kononenko, Dmitry"]
[Black "Peng, Li Min"]
[Result "1/2-1/2"]
[WhiteElo "2613"]
[BlackElo "2454"]
[Annotator "TA"]
[PlyCount "60"]
[EventDate "2019.10.19"]
[EventType "tourn"]
[EventRounds "9"]
[EventCountry "SWE"]
[SourceTitle "playchess.com"]
[Source "ChessBase"]
[SourceQuality "1"]

{[%evp 9,60,2,5,-8,-8,-8,-8,-8,-8,-8,-4,-4,-8,-29,-27,-34,-25,-36,-47,-42,-29,-42,-25,-38,-34,-34,-27,-39,-32,-43,-29,-27,-27,-33,-35,-170,-56,-159,-67,-62,-45,-87,-79,-64,-32,-54,-50,-89,-89,-95,-33,-54,-29]} 1. e4 Nc6 2. d4 d5 3. e5 f6 4. exf6 Nxf6 (4... exf6 5. Bd3 Nxd4 6. Bxh7 Rxh7 7. Qxd4 Bd6 8. Qd3 Rh8 9. Ne2 Ne7 10. Bf4 Bf5 11. Qd2 Bxf4 12. Nxf4 {0-1 (29) Zenari,M (2094)-Damia,A (2378) Bergamo 2017}) 5. Nf3 Bg4 6. Be2 {B00: Queen's Fianchetto Defence, Nimzowitsch Defence} Bxf3 7. Bxf3 e5 8. dxe5 {The position is equal.} Nxe5 9. O-O Nxf3+ 10. Qxf3 Be7 11. Nc3 $146 ({Predecessor:} 11. c3 O-O 12. Qd3 {½-½ (48) Basilio,R (1518)-Guerreiro,N (2157) Lisbon 2017}) 11... O-O 12. Qd3 c6 13. Bg5 Bd6 14. h3 h6 15. Bh4 Qc7 16. Qg6 Qf7 (16... Nd7 {looks sharper.} 17. Bg3 Ne5 18. Bxe5 Bxe5 19. Rae1 Rae8) 17. Qxf7+ Kxf7 18. Bxf6 Kxf6 19. Rfe1 Rfe8 20. Kf1 g5 21. Rxe8 Rxe8 22. Re1 (22. Ne2 $15) 22... Rxe1+ $19 23. Kxe1 {[%mdl 4096] Endgame [#] KB-KN} Be5 (23... Bb4 $1 $17 {Hoping for ...d4.} 24. Ke2 Bxc3 25. bxc3 b5) 24. Nd1 $15 h5 25. g4 hxg4 26. hxg4 a5 27. Ke2 b5 28. f3 Bd4 29. c3 Bb6 (29... Bc5 $17) 30. b3 Bc5 {Accuracy: White = 36%, Black = 49%.} 1/2-1/2

[Event "4Springare Autumn-IM 2019"]
[Site "Stockholm"]
[Date "2019.10.24"]
[Round "9.3"]
[White "Bogdanov, Egor"]
[Black "Mirzoev, Emil"]
[Result "0-1"]
[WhiteElo "2409"]
[BlackElo "2455"]
[Annotator "TA"]
[PlyCount "42"]
[EventDate "2019.10.19"]
[EventType "tourn"]
[EventRounds "9"]
[EventCountry "SWE"]
[SourceTitle "playchess.com"]
[Source "ChessBase"]
[SourceQuality "1"]

{[%evp 20,80,29,22,31,13,28,9,6,14,61,61,58,58,54,39,46,-8,-5,-6,6,-52,-22,-80,19,18,114,82,144,-83,-71,-89,-87,-167,-172,-165,-172,-178,-164,-260,-257,-257,-256,-318,-326,-314,-330,-321,0,0,0,-312,-309,-286,-293,-1918,-1960,-4902,-4898,-29995,-29996,-29996,-29997]} 1. d4 Nf6 2. Nf3 g6 3. c4 Bg7 4. Nc3 d5 5. cxd5 Nxd5 6. e4 Nxc3 7. bxc3 c5 8. Bb5+ Bd7 9. Bxd7+ Nxd7 10. O-O O-O 11. Be3 Qc7 {D85: Exchange Grünfeld: Unusual White 7th moves and lines with 7 Nf3} (11... Nf6 12. Qd3 Qc7 13. h3 Rfd8 14. Rab1 b6 15. d5 c4 16. Qc2 e6 17. dxe6 fxe6 18. Bd4 Nh5 19. e5 {0-1 (29) Maza Broto,P (2071)-Ponomariov,R (2706) Madrid 2016}) 12. Rc1 Rfd8 13. d5 $146 ({Predecessor:} 13. Qb3 h6 14. Nd2 b6 15. f4 e6 16. e5 Rac8 17. Ne4 Bf8 18. Qd1 Qc6 19. Ng3 cxd4 20. cxd4 {0-1 (40) Kovacevic,K-Ostojic,V (2024) Zagreb 2007}) 13... c4 {The position is equal.} 14. Bd4 e5 15. dxe6 fxe6 16. Bxg7 Kxg7 17. Nd4 Nc5 {Threatens to win with ...e5.} 18. f4 (18. Qe2 $1 $14) 18... e5 $11 19. fxe5 Qxe5 20. Qg4 (20. Qe2 $11) 20... Kg8 21. Rf4 (21. Qe2 $11) 21... Rxd4 {Played: Nc5-d3} 0-1

[Event "4Springare Autumn-IM 2019"]
[Site "Stockholm"]
[Date "2019.10.24"]
[Round "9.4"]
[White "Roshka, Yevgeniy"]
[Black "Mattsson, Michael"]
[Result "1-0"]
[WhiteElo "2369"]
[BlackElo "2035"]
[Annotator "TA"]
[PlyCount "221"]
[EventDate "2019.10.19"]
[EventType "tourn"]
[EventRounds "9"]
[EventCountry "SWE"]
[SourceTitle "playchess.com"]
[Source "ChessBase"]
[SourceQuality "1"]

{[%evp 11,220,0,2,0,7,6,64,26,67,56,75,70,110,23,25,32,146,151,152,165,165,166,391,287,283,236,240,236,234,230,222,218,216,186,187,208,225,225,262,274,241,187,193,184,168,170,169,165,153,84,85,10,47,42,55,50,66,50,60,40,43,37,41,43,47,54,63,44,43,43,49,50,42,41,104,51,88,86,90,85,116,116,118,118,118,117,173,167,616,117,110,45,114,8,8,8,8,8,8,8,8,8,8,8,8,0,0,0,0,-26,-26,-32,0,-16,-16,-16,0,0,0,0,0,0,136,136,904,580,29947,29949,29952,29953,29954,29954,29954,29956,29959,29961,29959,29959,29959,29959,29959,29960,29959,29950,29972,29973,29972,29972,29970,29972,29974,29975,29974,29975,29974,29976,29976,29975,29976,29977,29977,29975,29975,29976,29973,29976,29976,29976,29976,29976,29979,29979,29979,29980,29980,29979,29981,29978,29982,29983,29983,29984,29984,29984,29987,29988,29988,29989,29989,29990,29990,29991,29993,29992,29992,29993,29993,29994,29994,29995,29995,29996,29996,29996,29996,29997,29997,29998,29998,29999,29999]} 1. e4 e5 2. Nc3 Nf6 3. Bc4 Nc6 4. d3 Bb4 5. Nge2 d5 6. exd5 Nxd5 7. a3 {C28: Vienna Game: 2...Nf6 3 Bc4 Nc6} (7. O-O Bxc3 8. bxc3 Be6 9. Bxd5 Qxd5 10. c4 Qd7 11. Ba3 O-O-O 12. Rb1 e4 13. Nf4 Bf5 14. Nd5 Rhe8 15. Qd2 {½-½ (43) Nakamura,H (2777)-So,W (2780) chess.com INT 2018}) 7... Nxc3 8. Nxc3 Bc5 (8... Bxc3+ $11 9. bxc3 Qd6) 9. O-O $146 {White is slightly better.} (9. Qh5 $5 {[%cal Rh5f7]} g6 10. Qd1 $14) ({Predecessor:} 9. Ne4 Be7 10. O-O Bf5 11. Be3 O-O 12. Nc5 Nd4 13. Nxb7 Qb8 14. Bxd4 exd4 {1-0 (71) Hamdouchi,H (2555)-Maalla,A Ronde 1995}) 9... Qh4 10. Ne4 Bg4 11. Qe1 Bb6 12. Bg5 (12. a4 $1 $16) 12... Qh5 $11 {White must now prevent ...f5.} 13. Be3 $36 {[%mdl 2048] Black is under pressure.} Nd4 (13... O-O-O $14) 14. Ng3 $1 $16 {[%cal Rg3h5]} Ne2+ 15. Qxe2 $1 Bxe2 16. Nxh5 Bxf1 $2 (16... Bxh5 17. Bxb6 axb6) 17. Rxf1 O-O 18. Bxb6 axb6 19. f4 exf4 20. Nxf4 c6 21. Ne2 g6 22. Ng3 Kg7 23. Ne4 f6 24. g4 h6 25. Ng3 Rfe8 26. h4 Ra4 {Black wants to play ...b5.} 27. b4 Rxa3 28. h5 $1 Ra4 29. hxg6 Kxg6 30. Nh5 (30. Ne4 $142 Rxb4 31. Rxf6+ Kg7 32. Rf7+ Kg6 33. Rf4) 30... Rxb4 31. Nxf6 (31. Rxf6+ $16 Kg5 32. Kf2) 31... Rf8 32. Ne4 Rxf1+ 33. Kxf1 Rb2 34. Bb3 Rb1+ 35. Kf2 b5 36. Ke3 Rg1 37. Be6 b4 38. Bf5+ Kg7 39. d4 b6 40. Bd7 c5 41. dxc5 bxc5 42. Nxc5 Rg3+ (42... Kf6 $1 $14) 43. Kd2 ({Better is} 43. Kd4 $16) 43... Rc3 44. Nd3 Rc4 45. Be6 Rc6 46. Bd5 Rb6 47. Kc1 Kf6 48. Kb2 Rd6 (48... Kg5 $16) 49. Nxb4 $18 Kg5 $2 (49... Ke5 50. c4 Kd4 51. Nc2+ Ke5) 50. Bf3 $2 (50. c4 $18) 50... Kf4 $16 51. Be2 ({White should try} 51. Bc6 $16) 51... Ke3 (51... Rd4 $1 $14) 52. Bb5 (52. Bd3 $1 $16) 52... Rd4 $11 53. c4 Rxg4 54. Kc3 Rg5 55. Bc6 h5 56. Nd5+ Ke4 57. c5 h4 58. Kc4 h3 59. Nc3+ {[%mdl 64] Discovered Attack (Double check)} Ke5 60. Bd5 Rg4+ 61. Kb5 h2 {[%mdl 1024] aiming for ...Rg3. Black has compensation.} 62. c6 {c7 is the strong threat.} Rg3 63. Ne2 Rg7 (63... Rd3 {keeps more tension.} 64. Bh1 Kd6 65. Kc4 Rd1 66. Be4 h1=Q) 64. Kc5 Rh7 65. Bh1 Rg7 66. Bd5 Rg8 {[#]} (66... Ra7 $11 67. Nd4 Ra5+ 68. Nb5 Rxb5+ $1 {[%mdl 512]} 69. Kxb5 Kxd5) 67. Nd4 $1 $16 {[%cal Rd4f3]} Kf4 $2 {[%mdl 8192]} (67... Kf6 $16 68. c7 Rg5) 68. c7 $18 Rc8 69. Kd6 {White mates.} Kg3 70. Kd7 Rh8 71. c8=Q Rxc8 72. Kxc8 Kf2 73. Nf5 Kg1 74. Ng3 Kf2 {[#]} 75. Nh1+ $1 Ke3 76. Kd7 Kf4 77. Ke6 Kg4 78. Ke5 Kg5 79. Bf3 Kg6 80. Ng3 h1=Q 81. Bxh1 Kg5 82. Bf3 Kg6 83. Ne4 Kf7 84. Kd6 Kg6 85. Ke6 Kg7 86. Bh5 Kh6 87. Bf7 Kg7 88. Ke7 Kh6 89. Kf6 Kh7 90. Bg6+ Kg8 91. Ng5 Kh8 92. Nf7+ Kg8 93. Bf5 Kf8 94. Bh7 Ke8 95. Ne5 Kd8 96. Ke6 Kc7 97. Nd7 Kc6 98. Bd3 Kc7 99. Bb5 Kd8 100. Nb6 Kc7 101. Nd5+ Kb8 102. Kd6 Kc8 103. Ke7 Kb7 104. Kd7 Kb8 105. Ba6 Ka7 106. Bc8 Kb8 107. Kd8 Ka7 108. Kc7 Ka8 109. Nb4 Ka7 110. Nc6+ Ka8 111. Bb7# {Accuracy: White = 53%, Black = 40%.} 1-0

[Event "4Springare Autumn-IM 2019"]
[Site "Stockholm"]
[Date "2019.10.24"]
[Round "9.5"]
[White "Poley, Vladimir"]
[Black "Papunidi, Matvey"]
[Result "1/2-1/2"]
[WhiteElo "2298"]
[BlackElo "2083"]
[Annotator "TA"]
[PlyCount "85"]
[EventDate "2019.10.19"]
[EventType "tourn"]
[EventRounds "9"]
[EventCountry "SWE"]
[SourceTitle "playchess.com"]
[Source "ChessBase"]
[SourceQuality "1"]

{[%evp 22,85,40,42,44,45,48,42,43,47,63,25,47,44,53,45,49,37,37,0,38,39,45,38,45,49,51,41,79,70,74,66,81,0,0,0,0,0,0,0,0,0,0,0,0,0,0,0,0,0,0,0,0,0,0,0,0,0,0,0,0,-50,-50,-51,-51,-51]} 1. Nf3 Nf6 2. c4 c5 3. g3 b6 4. Bg2 Bb7 5. O-O e6 6. Nc3 Be7 7. d4 cxd4 8. Qxd4 d6 9. e4 O-O 10. Qe3 a6 11. Nd4 Qc7 12. b3 Nc6 {A30: Symmetrical English: Double Fianchetto and Hedgehog} 13. Bb2 h6 14. Nc2 Ne5 {[%cal Bc6e5,Be5d7,Bd7c5][%mdl 32] White is slightly better.} 15. Qe2 Rac8 16. Rad1 Rfe8 17. Rd2 Ned7 18. Rfd1 Qb8 19. h3 Qa8 20. Kh2 Nc5 $146 {[%cal Rc5e4]} (20... b5 $5) 21. f3 Rc7 22. Qf2 Qb8 23. Bf1 Rd8 24. Qe3 a5 25. Nd4 Rcd7 26. a3 Nh5 27. b4 (27. f4 $16) 27... axb4 $11 28. axb4 d5 29. e5 (29. bxc5 $2 Qxg3+ 30. Kh1 Bg5 $19) 29... Ne4 $1 {[%cal Re4g3]} 30. fxe4 Bg5 $1 {[%cal Rg5e3]} 31. Qf3 dxe4 $1 32. Qxh5 Bxd2 33. Rxd2 e3 34. Rc2 $1 Rxd4 35. Bc1 $1 {[%cal Rc1e3]} Qc7 $36 {[%mdl 2048] Black fights for an advantage.} 36. b5 $1 ({Wrong is} 36. Bxe3 $2 Rxc4 37. Bxc4 Qc6 $19) 36... Rxc4 37. Bxc4 Qxc4 38. Qe2 Qb3 $1 {[#] ...Bf3! is the strong threat.} 39. Bxe3 {And now Rc1 would win.} Bf3 $1 {[%cal Rf3e2]} 40. Qf2 {Black must now prevent Rc1.} Rd3 41. Bxb6 {Strongly threatening Ba5.} ({Much worse is} 41. Qxf3 Qxc2+ 42. Ne2 Rd5 $19) (41. Rc1 $5 {[%cal Rf2f3]} Bb7 42. Qe1 $11 (42. Bxb6 Rxc3 43. Rxc3 Qxc3 $17)) 41... Rxc3 42. Rxc3 Qxc3 43. Bd4 {Accuracy: White = 59%, Black = 80%.} 1/2-1/2